A$AP Rocky - Wszystkie albumy - Statystyki

Ogólne statystyki
  • Ten quiz został rozwiązany 30 razy
    11 od ostatniego zresetowania
  • Średni wynik to 4 z 5
Statystyki odpowiedzi
Hint Odpowiedź % Poprawnych
2026 Don't Be Dumb
100%
2018 TESTING
82%
2015 AT.LONG.LAST.A$AP
73%
2011 LIVE.LOVE.A$AP
73%
2013 LONG.LIVE.A$AP
73%
Nie znaleziono quizów pasujących do podanych kryteriów
Rozkład punktacji
Procent ludzi z każdym wynikiem
Percentyl według liczby udzielonych odpowiedzi
Twoja historia wyników
Nie rozwiązałeś tego quizu od ostatniego zresetowania